All BTS' discography - Statistics

General Stats
  • This quiz has been taken 76 times
  • The average score is 79 of 162
Answer Stats
Album Song % Correct
Dark & Wild So 4 more
100%
O!RUL8,2? N.O
98%
Love Yourself 結 'Answer' Trivia 承 : Love
88%
The Most Beautiful Moment in Life Pt.2 Run
86%
Skool Luv Affair Boy in Luv
84%
MAP OF THE SOUL : PERSONA Boy With Luv
84%
Love Yourself 承 'Her' Outro: Her
84%
You Never Walk Alone Spring Day
84%
BE Dynamite
81%
Love Yourself 轉 'Tear' FAKE LOVE
81%
Love Yourself 轉 'Tear' Outro: Tear
81%
Proof Butter
79%
2 Cool 4 Skool No More Dream
79%
2 Cool 4 Skool We Are Bulletproof Pt.2
79%
Love Yourself 結 'Answer' IDOL
77%
MAP OF THE SOUL : 7 ON
77%
MAP OF THE SOUL : 7 Outro : Ego
77%
MAP OF THE SOUL : 7 Black Swan
74%
Love Yourself 承 'Her' DNA
74%
The Most Beautiful Moment in Life Pt.1 I Need U
74%
You Never Walk Alone Not Today
74%
The Most Beautiful Moment in Life: Young Forever Burning Up (Fire)
72%
Dark & Wild Danger
72%
MAP OF THE SOUL : PERSONA Intro : Persona
72%
Dark & Wild War of Hormone
72%
Love Yourself 轉 'Tear' Anpanman
70%
MAP OF THE SOUL : PERSONA HOME
70%
Wings Interlude: Wings
70%
Proof Run BTS
70%
The Most Beautiful Moment in Life Pt.1 Dope
67%
Love Yourself 結 'Answer' Euphoria
67%
BE Life Goes On
67%
MAP OF THE SOUL : PERSONA Dionysus
65%
MAP OF THE SOUL : 7 Filter
65%
Love Yourself 承 'Her' Go Go
65%
Love Yourself 承 'Her' Intro: Serendipity
65%
Skool Luv Affair Jump
65%
MAP OF THE SOUL : PERSONA Mikrokosmos
65%
MAP OF THE SOUL : PERSONA Jamais Vu
63%
Wings Lie
63%
Wings Begin
60%
O!RUL8,2? Coffee
60%
The Most Beautiful Moment in Life: Young Forever Epilogue: Young Forever
60%
Love Yourself 轉 'Tear' Magic Shop
60%
The Most Beautiful Moment in Life Pt.2 Outro: House of Cards
60%
Love Yourself 轉 'Tear' Airplane pt.2
58%
The Most Beautiful Moment in Life Pt.2 Butterfly
58%
Love Yourself 承 'Her' dimple
58%
Love Yourself 結 'Answer' Epiphany
58%
MAP OF THE SOUL : 7 Friends
58%
Wings Intro: Boy Meets Evil
58%
Love Yourself 轉 'Tear' Intro: Singularity
58%
Skool Luv Affair Just One Day
58%
MAP OF THE SOUL : PERSONA Make It Right
58%
Love Yourself 承 'Her' Pied Piper
58%
The Most Beautiful Moment in Life: Young Forever Save Me
58%
BE Stay
58%
MAP OF THE SOUL : 7 ~ THE JOURNEY ~ Stay Gold
58%
Wings Blood Sweat & Tears
56%
Wake Up Intro.
56%
2 Cool 4 Skool Intro: 2 Cool 4 Skool
56%
Youth Introduction : Youth
56%
2 Cool 4 Skool Like
56%
Love Yourself 承 'Her' MIC Drop
56%
MAP OF THE SOUL : 7 Moon
56%
The Most Beautiful Moment in Life Pt.2 Silver Spoon
56%
Youth For You
53%
Love Yourself 轉 'Tear' Love Maze
53%
MAP OF THE SOUL : 7 My Time
53%
Love Yourself 結 'Answer' Trivia 起 : Just Dance
53%
MAP OF THE SOUL : 7 We are Bulletproof : the Eternal
53%
MAP OF THE SOUL : 7 00:00
51%
You Never Walk Alone A Supplementary Story: You Never Walk Alone
51%
MAP OF THE SOUL : 7 Louder than bombs
51%
Wings MAMA
51%
Love Yourself 轉 'Tear' So What
51%
Skool Luv Affair Spine Breaker
51%
Proof Yet To Come
51%
MAP OF THE SOUL : 7 Interlude: Shadow
49%
The Most Beautiful Moment in Life Pt.2 Ma City
49%
Wake Up Outro.
49%
Love Yourself 轉 'Tear' Paradise
49%
BE Skit
49%
Love Yourself 轉 'Tear' 134340
47%
The Most Beautiful Moment in Life Pt.2 Autumn Leaves
47%
Love Yourself 承 'Her' Best Of Me
47%
BE Blue & Grey
47%
BE Dis-ease
47%
Wings Stigma
47%
BE Telepathy
47%
MAP OF THE SOUL : 7 UGH!
47%
Wings 21st Century Girl
44%
Wings 2! 3!
44%
Love Yourself 結 'Answer' Answer: Love Myself
44%
MAP OF THE SOUL : 7 Inner Child
44%
Skool Luv Affair Intro: Skool Luv Affair
44%
Love Yourself 結 'Answer' Trivia 轉 : Seesaw
44%
The Most Beautiful Moment in Life Pt.1 Boyz With Fun
42%
The Most Beautiful Moment in Life Pt.1 Converse High
42%
Wings First Love
42%
The Most Beautiful Moment in Life Pt.1 Hold Me Tight
42%
2 Cool 4 Skool Interlude
42%
O!RUL8,2? Intro: O!RUL8,2?
42%
Dark & Wild Let Me Know
42%
Wake Up Wake Up
42%
O!RUL8,2? Attack On Bangtan
40%
FACE YOURSELF Crystal Snow
40%
Proof For Youth
40%
The Most Beautiful Moment in Life Pt.1 Intro: The Most Beautiful Moment in Life
40%
MAP OF THE SOUL : 7 ~ THE JOURNEY ~ Lights
40%
Wings Lost
40%
Dark & Wild Rain
40%
Love Yourself 轉 'Tear' The Truth Untold
40%
The Most Beautiful Moment in Life Pt.2 Whalien 52
40%
Wings Am I Wrong
37%
Wings Awake
37%
FACE YOURSELF Don't Leave Me
37%
Skool Luv Affair Tomorrow
37%
Proof Born Singer
35%
BE Fly To My Room
35%
FACE YOURSELF Let Go
35%
MAP OF THE SOUL : 7 Respect
35%
O!RUL8,2? We On
35%
MAP OF THE SOUL : 7 ~ THE JOURNEY ~ Your eyes tell
35%
O!RUL8,2? BTS Cypher Pt.1
33%
O!RUL8,2? If I Ruled The World
33%
Wings Reflection
33%
Dark & Wild 24/7=Heaven
30%
Dark & Wild Hip Hop Phile
30%
Skool Luv Affair Miss Right
30%
O!RUL8,2? Paldogangsan
30%
Dark & Wild BTS Cypher Pt.3: Killer
28%
The Most Beautiful Moment in Life Pt.2 Intro: Never Mind
28%
Dark & Wild Intro: What Am I to You
28%
The Most Beautiful Moment in Life Pt.1 Moving On
28%
MAP OF THE SOUL : 7 ~ THE JOURNEY ~ OUTRO : The Journey
28%
The Most Beautiful Moment in Life Pt.1 Outro: Love Is Not Over
26%
O!RUL8,2? Outro: Luv in Skool
26%
Skool Luv Affair Outro: Propose
26%
Dark & Wild Embarrassed
23%
Wake Up The Stars
23%
Wings BTS Cypher 4
21%
Youth Good Day
21%
Skool Luv Affair Where You From
21%
Dark & Wild Could You Turn off Your Cell Phone
19%
Dark & Wild Interlude: What Are You Doing Now
19%
Wake Up line!
19%
Dark & Wild Look Here
19%
FACE YOURSELF OUTRO: Crack
19%
Dark & Wild Outro: Do You Think It Makes Sense?
19%
O!RUL8,2? Skit: R U Happy Now?
19%
MAP OF THE SOUL : 7 ~ THE JOURNEY ~ INTRO : Calling
16%
FACE YOURSELF INTRO: Ringwanderung
16%
Wake Up line!Pt.2 - Ano Bashode -
16%
2 Cool 4 Skool Outro: Circle Room Cypher
16%
2 Cool 4 Skool Skit: Circle Room Talk
16%
Skool Luv Affair BTS Cypher Pt.2: Triptych
14%
Youth Wishing On A Star
14%
The Most Beautiful Moment in Life Pt.2 Skit: One Night in a Strange City
12%
Skool Luv Affair Skit: Soulmate
12%
Love Yourself 承 'Her' Skit: Billboard Music Awards Speech
9%
The Most Beautiful Moment in Life Pt.1 Skit: Expectation!
9%
No matching quizzes found
Score Distribution
Percent of People with Each Score
Percentile by Number Answered
Your Score History
You have not taken this quiz